| 000 | 003920000a22001090004500 | ||
|---|---|---|---|
| 100 | 1 | _aWood, A. Skevington | |
| 245 | 1 | 0 | _aThe protestant evangelical awakening |
| 300 | _aVol. LXVI, No. 1 (January, 1994), Páginas 95-96 | ||
| 500 | _aCambridge : Cambridge unviersity press, 1992, xviii, 370 pp. ISBN 0-521-41491-1 | ||
| 773 | 0 | _tThe evangelical quarlerly : An international revie | |
| 942 | _cANA | ||
| 999 |
_c59705 _d59705 |
||